[Event "IEWCC"]
[Site "Istanbul TUR"]
[Date "2003.06.05"]
[Round "4"]
[White "Khurtsidze,N"]
[Black "Galliamova,A"]
[Result "0-1"]
[WhiteElo "2427"]
[BlackElo "2489"]
[EventDate "2003.06.02"]

1. d4 d5 2. c4 dxc4 3. Nf3 Nf6 4. e3 e6 5. Bxc4 c5 6. O-O a6 7. a4 Nc6 8.
Qe2 cxd4 9. Rd1 Be7 10. exd4 O-O 11. Nc3 Nb4 12. Ne5 Bd7 13. d5 Nfxd5 14.
Bxd5 exd5 15. Nxd5 Nxd5 16. Rxd5 Bg4 17. Rxd8 Bxe2 18. Rxa8 Rxa8 19. Bd2
Rd8 20. Bc3 f6 21. Re1 Rd1 22. Nf3 Rxe1+ 23. Nxe1 Kf7 24. a5 Ke6 25. Nc2
Kd5 26. Ne3+ Ke4 27. h3 h5 28. Nc2 Bc5 29. Ne3 Bd3 30. g4 hxg4 31. hxg4 Kf3
32. b4 Bd6 33. g5 fxg5 34. Nd5 g6 35. Nb6 Bb5 36. Nd5 g4 37. Nf6 g3 38.
fxg3 Bxg3 39. Nh7 Bf4 40. Bf6 Ke4 41. Be7 Kf5 42. Kf2 g5 43. Bc5 g4 0-1

[Event "IEWCC"]
[Site "Istanbul TUR"]
[Date "2003.06.05"]
[Round "4"]
[White "Peptan,C"]
[Black "Kononenko,T"]
[Result "1-0"]
[WhiteElo "2471"]
[BlackElo "2370"]
[EventDate "2003.06.02"]

1. e4 c6 2. c4 d5 3. exd5 cxd5 4. cxd5 Nf6 5. Nc3 Nxd5 6. Bb5+ Nc6 7. Nf3
e6 8. O-O Be7 9. d4 O-O 10. Re1 Nxc3 11. bxc3 Qc7 12. Qe2 a6 13. Bd3 Bd7
14. c4 Rac8 15. a3 Rfe8 16. Rb1 f5 17. g3 Bf6 18. Bf4 Nxd4 19. Nxd4 e5 20.
Qf3 exf4 21. Qd5+ Kh8 22. Rxe8+ Bxe8 23. Ne6 Qe5 24. Qxe5 Bxe5 25. gxf4 Bd6
26. Rxb7 Bxa3 27. Bxf5 g6 28. Be4 Kg8 29. Rg7+ Kh8 30. Ra7 h5 31. Ng5 Bb2
32. Bd5 Bg7 33. Rxa6 Bh6 34. Kg2 Rb8 35. Ra7 Bg7 36. Ne6 Bf6 37. Ng5 Bg7
38. c5 Rc8 39. c6 Bxc6 40. Bxc6 Rxc6 41. Ra8+ Bf8 42. Rxf8+ Kg7 43. Rf7+
Kg8 44. h4 Rc1 45. Ra7 Rd1 46. Ne6 1-0

[Event "IEWCC"]
[Site "Istanbul TUR"]
[Date "2003.06.05"]
[Round "4"]
[White "Alexandrova,O"]
[Black "Javakhishvili,L"]
[Result "1/2-1/2"]
[WhiteElo "2445"]
[BlackElo "2336"]
[EventDate "2003.06.02"]

1. d4 Nf6 2. Nf3 e6 3. e3 b6 4. Bd3 Bb7 5. c4 d5 6. Nc3 Bd6 7. Qc2 O-O 8.
cxd5 exd5 9. O-O a6 10. e4 dxe4 11. Nxe4 Nxe4 12. Bxe4 Bxe4 13. Qxe4 Nd7
14. Bg5 Qe8 15. Qf5 Qe6 16. Qxe6 fxe6 17. Rfe1 Rae8 18. Re2 Rf5 19. Rae1
Nf8 20. Bh4 Rd5 21. Bg3 Bxg3 22. hxg3 c5 23. dxc5 Rxc5 24. Rd1 a5 25. Rd6
b5 26. Nd4 a4 27. f4 Rc1+ 28. Kf2 Rb8 29. Nc6 Rb7 30. Ne5 Rb8 31. Red2 g6
32. Ra6 Rc7 33. Rc6 Rcb7 34. g4 h6 35. g5 hxg5 36. fxg5 Ra8 37. Ke3 b4 38.
Kf4 Kg7 39. Rdd6 b3 40. a3 Ra5 41. Rd8 Rd5 42. Rcc8 Rxd8 43. Rxd8 Rc7 44.
g4 Rc2 45. Nd3 Kf7 46. Rd4 e5+ 47. Kxe5 Re2+ 48. Kd6 Nh7 49. Rf4+ Kg7 50.
Kc5 Rd2 51. Kc4 Nxg5 52. Kc3 Re2 53. Kb4 Rd2 54. Nc5 Rxb2 55. Kxa4 Rc2 56.
Nxb3 Ne6 57. Rb4 Ra2 58. Rb6 Kf7 59. Rc6 g5 60. Nc5 Nd4 61. Rc7+ Kf6 62.
Rd7 Nf3 63. Rd5 Ne5 64. Rd6+ Kf7 65. Ne4 Nxg4 66. Nxg5+ Ke7 67. Rd3 Ne5 68.
Rd4 Nc6 69. Rd5 Rb2 70. Ne4 Rb8 71. Nc5 Ra8+ 72. Kb3 Rd8 73. Rh5 Rg8 74.
Kc4 Kd6 75. Rd5+ Kc7 76. Rd7+ Kb8 77. Na6+ Ka8 78. Kc5 Na7 79. Nc7+ Kb8 80.
Nd5 Rc8+ 81. Kb6 Rc6+ 82. Ka5 Nc8 83. Kb5 Rd6 84. Rxd6 Nxd6+ 85. Kc6 Nc4
86. a4 Ka7 87. Kb5 Nd6+ 88. Kc5 Nb7+ 89. Kc6 Ka6 90. Nc3 Na5+ 91. Kc5 Nb7+
92. Kb4 Na5 93. Ne4 Nb7 94. Nd2 Na5 95. Kc3 Kb6 96. Ne4 Nb7 97. Kb4 Ka6 98.
Ka3 Kb6 99. Kb4 Ka6 1/2-1/2

[Event "IEWCC"]
[Site "Istanbul TUR"]
[Date "2003.06.05"]
[Round "4"]
[White "Dzagnidze,N"]
[Black "Kachiani,K"]
[Result "1/2-1/2"]
[WhiteElo "2376"]
[BlackElo "2444"]
[EventDate "2003.06.02"]

1. Nf3 Nf6 2. g3 g6 3. Bg2 Bg7 4. O-O O-O 5. Re1 d6 6. e4 e5 7. d4 Nbd7 8.
Nc3 b6 9. a4 a5 10. dxe5 dxe5 11. b3 Bb7 12. Ba3 Re8 13. Qe2 Bf8 14. Bxf8
Kxf8 15. Qd2 c6 16. Rad1 Qe7 17. Qd6 Kg7 18. Qxe7 Rxe7 19. Nd2 Ba6 20. Bf1
Nc5 21. Bxa6 Nxa6 22. Nc4 Rb8 23. Re2 Ne8 24. Red2 Rbb7 25. Rd8 Nb4 26.
R1d2 h5 27. h4 Nf6 28. Kf1 Rbd7 29. Nxb6 Rxd8 30. Rxd8 Nxc2 31. Nc4 Nd4 32.
Rb8 Ra7 33. Nxe5 Ng4 34. Nc4 f5 35. e5 Nf3 36. e6 Re7 37. Rd8 Rxe6 38. Rd1
f4 39. gxf4 Nxh4 40. Rd7+ Kg8 41. Nd2 Nf5 42. Nce4 h4 43. Kg2 Ne7 44. Kh3
Nh6 45. Kxh4 Nd5 46. Rd8+ Kg7 47. Ng5 Rf6 48. Nde4 Rxf4+ 49. Kg3 Nf5+ 50.
Kg2 Nd4 51. f3 Rh4 52. Rd7+ Kg8 53. Nc5 Nf4+ 54. Kf2 Nf5 55. Rd8+ Kg7 56.
Nce4 Rh2+ 57. Ke1 Re2+ 58. Kd1 Ne3+ 59. Kc1 Ned5 60. Rd7+ Kg8 61. Rd6 Nd3+
62. Kd1 Rg2 63. Rd8+ Kg7 64. Rd7+ Kg8 65. Rd8+ Kg7 66. Rd7+ 1/2-1/2

[Event "IEWCC"]
[Site "Istanbul TUR"]
[Date "2003.06.05"]
[Round "4"]
[White "Cmilyte,V"]
[Black "Agababean,N"]
[Result "1-0"]
[WhiteElo "2430"]
[BlackElo "2319"]
[EventDate "2003.06.02"]

1. d4 Nf6 2. c4 e6 3. Nc3 d5 4. Nf3 b6 5. Bg5 Be7 6. e3 O-O 7. Qc2 Bb7 8.
Bd3 h6 9. h4 Nbd7 10. cxd5 exd5 11. O-O-O c5 12. Kb1 c4 13. Bf5 Re8 14. Ne5
Nf8 15. f4 a6 16. g4 b5 17. Bxh6 gxh6 18. g5 N6d7 19. gxh6 Nxe5 20. dxe5
Kh8 21. Qg2 Ne6 22. h7 Ng7 23. Bc2 Qb6 24. Nxd5 Bxd5 25. Rxd5 Rad8 26. f5
f6 27. Rg1 Bf8 28. Rxd8 Rxd8 29. Qg6 Qxe3 30. exf6 Rd7 1-0

[Event "IEWCC"]
[Site "Istanbul TUR"]
[Date "2003.06.05"]
[Round "4"]
[White "Radziewicz,I"]
[Black "Kouvatsou,M"]
[Result "1-0"]
[WhiteElo "2428"]
[BlackElo "2233"]
[EventDate "2003.06.02"]

1. d4 Nf6 2. c4 g6 3. Nc3 Bg7 4. e4 d6 5. Be2 O-O 6. Bg5 c5 7. dxc5 Qa5 8.
Bd2 Qxc5 9. Nf3 Bg4 10. O-O Nbd7 11. b3 Qc8 12. h3 Be6 13. Re1 Ne5 14. Qc1
Nxf3+ 15. Bxf3 Nd7 16. Nd5 Re8 17. Bg5 f6 18. Be3 Ne5 19. Be2 Qd8 20. f4
Nc6 21. Qd2 f5 22. exf5 Bxf5 23. Bf3 Kh8 24. Nb4 Bd7 25. Nxc6 Bxc6 26. Bd5
Qd7 27. Rad1 e5 28. Bxc6 Qxc6 29. fxe5 Bxe5 30. Bd4 b6 31. Bxe5+ Rxe5 32.
Rxe5 dxe5 33. Qd6 Qxd6 34. Rxd6 Kg7 35. Rd7+ Kh6 36. Kf2 a5 37. Rd6 Rb8 38.
Ke3 Kh5 39. Ke4 Kh4 40. Rd3 Re8 41. a3 g5 42. b4 axb4 43. axb4 Rf8 44. Rc3
h5 45. c5 bxc5 46. bxc5 g4 47. hxg4 hxg4 48. c6 g3 49. c7 Rc8 50. Kxe5 1-0

[Event "IEWCC"]
[Site "Istanbul TUR"]
[Date "2003.06.05"]
[Round "4"]
[White "Zimina,O"]
[Black "Pokorna,Reg"]
[Result "1-0"]
[WhiteElo "2358"]
[BlackElo "2418"]
[EventDate "2003.06.02"]

1. e4 e5 2. Nf3 Nc6 3. Nc3 Nf6 4. g3 Bc5 5. Bg2 d6 6. O-O a6 7. d3 Be6 8.
Be3 h6 9. d4 exd4 10. Nxd4 Nxd4 11. Bxd4 Qd7 12. Bxc5 dxc5 13. e5 Ng4 14.
Qxd7+ Kxd7 15. Rfe1 h5 16. Na4 h4 17. Nxc5+ Ke7 18. Nxe6 hxg3 19. hxg3 fxe6
20. Re4 Nh6 21. Rb4 Nf7 22. Rxb7 Rac8 23. Ra7 Rhd8 24. Rxa6 Rd2 25. f4 Rb8
26. Rc6 Kd7 27. Rc3 Rxb2 28. a4 Nd8 29. a5 c6 30. a6 Rb8 31. a7 Ra8 32. Ra6
Rd1+ 33. Kf2 1-0

[Event "IEWCC"]
[Site "Istanbul TUR"]
[Date "2003.06.05"]
[Round "4"]
[White "Voiska,M"]
[Black "Bojkovic,N"]
[Result "1/2-1/2"]
[WhiteElo "2354"]
[BlackElo "2416"]
[EventDate "2003.06.02"]

1. d4 Nf6 2. Nf3 e6 3. c4 b6 4. e3 Bb7 5. Nc3 Bb4 6. Bd2 O-O 7. Bd3 c5 8.
a3 Bxc3 9. Bxc3 d6 10. dxc5 dxc5 11. Qc2 Nbd7 12. O-O-O Qc7 13. Ng5 h6 14.
Ne4 Bxe4 1/2-1/2

[Event "IEWCC"]
[Site "Istanbul TUR"]
[Date "2003.06.05"]
[Round "4"]
[White "Zaiatz,E"]
[Black "Mkrtchian,L"]
[Result "0-1"]
[WhiteElo "2339"]
[BlackElo "2416"]
[EventDate "2003.06.02"]

1. d4 Nf6 2. c4 e6 3. Nc3 Bb4 4. e3 c5 5. Nge2 cxd4 6. exd4 d5 7. c5 Ne4 8.
Bd2 Nxd2 9. Qxd2 a5 10. a3 Bxc3 11. Nxc3 a4 12. Bd3 b6 13. Bb5+ Bd7 14.
Bxd7+ Qxd7 15. cxb6 Qc6 16. Qd1 O-O 17. Rc1 Nd7 18. b7 Qxb7 19. Nxa4 Qb5
20. b3 Rfc8 21. Rxc8+ Rxc8 22. Kd2 e5 23. Re1 exd4 24. Qb1 g6 25. Re2 Nf6
26. f3 Rb8 27. Re1 Qxb3 28. Qxb3 Rxb3 29. Ra1 Nd7 30. Kc2 Re3 31. Rd1 Rxa3
32. Rxd4 Ra2+ 33. Nb2 Nf6 34. h4 h5 35. g4 Ra5 36. Na4 Ne8 37. Nc3 Nc7 38.
Kb3 Rc5 39. Kb4 Rxc3 40. Kxc3 Nb5+ 41. Kd3 Nxd4 42. Kxd4 g5 0-1

[Event "IEWCC"]
[Site "Istanbul TUR"]
[Date "2003.06.05"]
[Round "4"]
[White "Calotescu,C"]
[Black "Vasilevich,T"]
[Result "1/2-1/2"]
[WhiteElo "2334"]
[BlackElo "2410"]
[EventDate "2003.06.02"]

1. c4 Nf6 2. g3 e6 3. Bg2 d5 4. Nf3 c6 5. b3 Be7 6. Bb2 O-O 7. O-O b6 8. d3
Bb7 9. Nbd2 c5 10. cxd5 exd5 11. d4 Nbd7 12. dxc5 bxc5 13. Ne5 Nxe5 14.
Bxe5 Qb6 15. Rc1 Qa6 16. Bb2 Rac8 17. Qc2 Rfe8 18. e3 h6 19. Rfd1 Nd7 20.
Qb1 Bf6 21. Bxf6 1/2-1/2

[Event "IEWCC"]
[Site "Istanbul TUR"]
[Date "2003.06.05"]
[Round "4"]
[White "Gvetadze,S"]
[Black "Foisor,C"]
[Result "1/2-1/2"]
[WhiteElo "2320"]
[BlackElo "2395"]
[EventDate "2003.06.02"]

1. e4 c6 2. d4 g6 3. Nc3 Bg7 4. f4 d5 5. e5 Nh6 6. Be3 f6 7. Nf3 Bg4 8. Be2
O-O 9. h3 Bxf3 10. Bxf3 e6 11. O-O Nd7 12. Ne2 Qe7 13. exf6 Nxf6 14. g4 Nf7
15. Ng3 Nd6 16. Qd3 Rae8 17. Rae1 Qc7 18. b3 Nd7 19. Kg2 Rf7 20. h4 c5 21.
c3 c4 22. Qd2 cxb3 23. axb3 Nf6 24. Bg1 Nde4 25. Bxe4 dxe4 26. g5 Nd5 27.
Ne2 b5 28. Rc1 Qb7 29. Be3 Bf8 30. Kg1 Rc8 31. Ng3 Ne7 32. Kh2 Qd5 33. Qa2
Nf5 34. Nxf5 Qxf5 35. Qg2 Rfc7 36. Qd2 Qg4 37. Bf2 Ba3 38. Rc2 Qf3 39. Ra1
Bd6 40. Be3 Rf8 41. Qf2 Bxf4+ 42. Bxf4 Rxf4 43. Qxf3 Rxf3 44. Rac1 Rcf7 45.
c4 Rxb3 46. cxb5 Rxb5 47. Re1 Rf4 48. Kg3 Rbf5 49. Rc8+ Rf8 50. Rxf8+ Rxf8
51. Rxe4 Kf7 52. Re5 Rd8 53. Ra5 Rd7 54. Ra4 Ke7 55. Kf4 Kd6 56. Ke4 Rb7
57. Ra6+ Ke7 58. Ke5 Kf7 59. Ke4 Re7 60. Ke5 Rb7 61. Ke4 Ke7 62. Ke5
1/2-1/2

[Event "IEWCC"]
[Site "Istanbul TUR"]
[Date "2003.06.05"]
[Round "4"]
[White "Dergatschova Daus,A"]
[Black "Stepovaia Dianchenko,T"]
[Result "0-1"]
[WhiteElo "2250"]
[BlackElo "2394"]
[EventDate "2003.06.02"]

1. d4 d5 2. c4 e6 3. Nf3 c6 4. Nc3 dxc4 5. a4 Bb4 6. e3 b5 7. Bd2 a5 8.
axb5 Bxc3 9. Bxc3 cxb5 10. b3 Bb7 11. bxc4 b4 12. Bb2 Nf6 13. Bd3 O-O 14.
O-O Nbd7 15. Re1 Ne4 16. Nd2 f5 17. f3 Nxd2 18. Qxd2 Qc7 19. c5 Rfb8 20. e4
fxe4 21. Bxe4 Bxe4 22. Rxe4 Nf8 23. Rc1 Rd8 24. Qe1 Qc6 25. h4 Rd5 26. Ra1
Ra6 27. Bc1 Qb5 28. Rg4 h5 29. Rg5 Rxg5 30. hxg5 a4 31. Rb1 b3 32. Qc3 Ng6
33. f4 Ne7 34. g6 Qe2 35. Rb2 Nd5 36. Qd2 Qe4 37. Qe2 Qxe2 38. Rxe2 a3 39.
f5 a2 40. Bb2 a1=Q+ 41. Bxa1 Rxa1+ 42. Kh2 Kf8 43. Rb2 Ra3 44. fxe6 Ke7 45.
Kg3 Kxe6 46. Kf3 Nc3 47. Kf4 Kd5 48. Kg5 Na4 49. Rb1 b2 50. c6 Rc3 51. Kxh5
Rxc6 52. Rf1 Nc3 53. Rf5+ Kxd4 54. Rf4+ Ne4 55. g4 b1=Q 56. g5 Qh1+ 57. Rh4
Qxh4+ 58. Kxh4 Ke3 59. Kh5 Kf4 60. Kh4 Rc3 0-1

[Event "IEWCC"]
[Site "Istanbul TUR"]
[Date "2003.06.05"]
[Round "4"]
[White "Velcheva,M"]
[Black "Matnadze,A"]
[Result "1/2-1/2"]
[WhiteElo "2249"]
[BlackElo "2386"]
[EventDate "2003.06.02"]

1. e4 c5 2. Nf3 d6 3. d4 cxd4 4. Nxd4 Nf6 5. Nc3 Nc6 6. g3 g6 7. Nde2 b6 8.
Bg2 Ba6 9. O-O Bg7 10. a4 O-O 11. h3 Rc8 12. Re1 Nb4 13. Be3 Nd7 14. Nd4
Ne5 15. Nd5 Nbc6 1/2-1/2

[Event "IEWCC"]
[Site "Istanbul TUR"]
[Date "2003.06.05"]
[Round "4"]
[White "Paehtz,E"]
[Black "Muhren,B"]
[Result "1-0"]
[WhiteElo "2384"]
[BlackElo "2092"]
[EventDate "2003.06.02"]

1. e4 c5 2. Nf3 e6 3. c4 d6 4. d4 cxd4 5. Nxd4 Nf6 6. Nc3 Be7 7. Be2 O-O 8.
O-O a6 9. Be3 Qc7 10. Qd2 b6 11. f3 Bb7 12. Rfc1 Nbd7 13. a4 Rac8 14. a5
bxa5 15. Nb3 a4 16. Nxa4 Nc5 17. Na5 Rfd8 18. b4 Nxa4 19. Rxa4 Ba8 20. Nb3
Qb7 21. Bd4 Rb8 22. b5 d5 23. cxd5 exd5 24. e5 Nd7 25. Na5 1-0

[Event "IEWCC"]
[Site "Istanbul TUR"]
[Date "2003.06.05"]
[Round "4"]
[White "Prudnikova,S"]
[Black "Cedikova,K"]
[Result "1-0"]
[WhiteElo "2426"]
[BlackElo "2181"]
[EventDate "2003.06.02"]

1. d4 Nf6 2. g3 g6 3. Bg2 Bg7 4. e4 d6 5. Nc3 O-O 6. Nge2 e5 7. h3 Nc6 8.
Be3 Bd7 9. O-O Qc8 10. Kh2 exd4 11. Nxd4 Re8 12. Re1 a6 13. a4 h5 14. a5
Rb8 15. Qd2 Ne5 16. b3 c5 17. Nde2 Bxh3 18. Bxh3 Nf3+ 19. Kg2 Nxd2 20. Bxc8
Nfxe4 21. Bd7 Re7 22. Bxd2 Nxd2 23. Rad1 Rd8 24. Ba4 d5 25. Rxd2 Bxc3 26.
Nxc3 Rxe1 27. Nxd5 Kg7 28. c4 g5 29. Rb2 h4 30. gxh4 gxh4 31. b4 Kh6 32.
bxc5 Rg8+ 33. Kh2 Rgg1 34. Bd7 Rh1+ 35. Kg2 h3+ 36. Bxh3 Reg1+ 37. Kf3
Rxh3+ 38. Ke4 Ra3 39. Rxb7 Rxa5 40. Rb6+ Kg5 41. c6 f5+ 42. Ke5 Rc1 43. f4+
Kh4 44. c7 Rxc4 45. Rh6+ Kg3 46. Rg6+ Kf3 47. Rg7 Rcc5 48. Rd7 Rab5 49. Ke6
Rc6+ 50. Kxf5 Rxd5+ 51. Rxd5 Rxc7 52. Rd3+ Ke2 53. Ra3 Rc6 54. Ke5 Rc7 55.
Ke6 Rc6+ 56. Kd5 Rg6 57. Ke5 Rb6 58. f5 Rb7 59. Ke6 Rb6+ 60. Ke7 Rb7+ 61.
Kf6 Rb6+ 62. Kg7 Rb7+ 63. Kg6 Rb6+ 64. f6 Kd2 65. Kg7 Kc2 66. f7 Kb2 67.
Ra5 1-0

[Event "IEWCC"]
[Site "Istanbul TUR"]
[Date "2003.06.05"]
[Round "4"]
[White "Smokina,K"]
[Black "Kosintseva,N"]
[Result "0-1"]
[WhiteElo "2269"]
[BlackElo "2417"]
[EventDate "2003.06.02"]

1. c4 f5 2. g3 Nf6 3. Bg2 g6 4. Nc3 Bg7 5. d3 d6 6. e4 Nc6 7. Nge2 O-O 8.
O-O e5 9. h3 Be6 10. b3 Qd7 11. Kh2 Rf7 12. Be3 Raf8 13. Qd2 h5 14. exf5
Bxf5 15. Ne4 Nh7 16. Rae1 Nd4 17. Nxd4 exd4 18. Bh6 c6 19. Bxg7 Rxg7 20. f4
Re7 21. Qb2 c5 22. b4 b6 23. Re2 Kf7 24. Rfe1 Rfe8 25. b5 Nf6 26. Nf2 Rxe2
27. Rxe2 Re6 28. Bf3 Qe7 29. g4 hxg4 30. hxg4 Nxg4+ 31. Nxg4 Qh4+ 32. Kg2
Bxg4 33. Rxe6 Qh3+ 34. Kg1 Bxf3 0-1

[Event "IEWCC"]
[Site "Istanbul TUR"]
[Date "2003.06.05"]
[Round "4"]
[White "Dworakowska,J"]
[Black "Shukurova,M"]
[Result "1-0"]
[WhiteElo "2387"]
[BlackElo "2250"]
[EventDate "2003.06.02"]

1. e4 e5 2. Nf3 Nc6 3. Nc3 Nf6 4. g3 g6 5. d4 exd4 6. Nxd4 d6 7. Bg2 Bd7 8.
O-O Bg7 9. Nde2 O-O 10. h3 Be6 11. Be3 Qd7 12. Nf4 Bc4 13. Re1 Ne5 14. b3
Ba6 15. Qd2 Rad8 16. Rad1 b6 17. Nfd5 Nxd5 18. Nxd5 Bc8 19. f4 Nc6 20. f5
f6 21. Qc3 Kh8 22. g4 Rf7 23. Nf4 Ne5 24. Bd4 c5 25. Bxe5 fxe5 26. Ne6 Re8
27. Qd2 Qb7 28. Nxg7 Kxg7 29. Bf1 Rd8 30. Bc4 Rff8 31. Qg5 Rf6 32. h4 Qe7
33. Rf1 h6 34. Qe3 Rff8 35. Qf2 g5 36. Rd3 Bb7 37. f6+ Rxf6 38. Qxf6+ Qxf6
39. Rxf6 Kxf6 40. Rf3+ 1-0

[Event "IEWCC"]
[Site "Istanbul TUR"]
[Date "2003.06.05"]
[Round "4"]
[White "Slavina,I"]
[Black "Sikorova,O"]
[Result "1-0"]
[WhiteElo "2381"]
[BlackElo "2261"]
[EventDate "2003.06.02"]

1. d4 c5 2. d5 Nf6 3. c4 e6 4. Nc3 exd5 5. cxd5 d6 6. Nf3 g6 7. g3 Bg7 8.
Bg2 O-O 9. O-O Nbd7 10. Bf4 Ne8 11. a4 a6 12. Rb1 Rb8 13. Qc2 Nb6 14. Nd2
Bd7 15. a5 Nc8 16. Ra1 Bb5 17. Rfe1 b6 18. e4 bxa5 19. Nb3 a4 20. Nxa4 Nb6
21. Nxb6 Qxb6 22. Na5 Nf6 23. Nc6 Bxc6 24. dxc6 Ne8 25. e5 dxe5 26. Be3 Nd6
27. Bxc5 Qc7 28. Rxa6 e4 29. b4 f5 30. Qa2+ Kh8 31. Ra7 1-0

[Event "IEWCC"]
[Site "Istanbul TUR"]
[Date "2003.06.05"]
[Round "4"]
[White "Krivec,J"]
[Black "Ciuksyte,D"]
[Result "1-0"]
[WhiteElo "2256"]
[BlackElo "2375"]
[EventDate "2003.06.02"]

1. e4 c5 2. Nf3 e6 3. d4 cxd4 4. Nxd4 a6 5. Bd3 Nf6 6. c4 Qc7 7. O-O b6 8.
Kh1 Bb7 9. Qe2 d6 10. f4 Nbd7 11. Nc3 g6 12. f5 gxf5 13. exf5 Rg8 14. Nd5
Bxd5 15. cxd5 e5 16. Ne6 Qb7 17. Bxa6 Qa7 18. Bb5 Ke7 19. Nd4 Ke8 20. Bc6
Qa6 21. Nb5 Kd8 22. Bxa8 Qxa8 23. Rd1 Qa4 24. Be3 Qe4 25. Qf3 Qh4 26. Na7
Ng4 27. Nc6+ Ke8 28. Bg1 Qg5 29. Rac1 Nc5 30. Rc2 Be7 31. h3 Qh4 32. b4 Ne4
33. Rd3 f6 34. Re2 1-0

[Event "IEWCC"]
[Site "Istanbul TUR"]
[Date "2003.06.05"]
[Round "4"]
[White "Shumiakina,T"]
[Black "Kadziolka,B"]
[Result "1-0"]
[WhiteElo "2373"]
[BlackElo "2206"]
[EventDate "2003.06.02"]

1. d4 Nf6 2. Nf3 c5 3. d5 b5 4. Bg5 d6 5. Bxf6 exf6 6. e4 a6 7. a4 b4 8.
Bd3 g6 9. Nbd2 Bg7 10. Nc4 a5 11. O-O O-O 12. Nfd2 Bb7 13. Qg4 f5 14. exf5
Bxd5 15. Ne4 Bxe4 16. Bxe4 Ra6 17. Rad1 Bd4 18. Bb7 Ra7 19. Bd5 Qf6 20.
fxg6 hxg6 21. Rd3 Nd7 22. h4 Ne5 23. Nxe5 Bxe5 24. h5 Kg7 25. Rf3 Qe7 26.
Be4 g5 27. Bd5 Bxb2 28. Rf5 Kh8 29. Rxg5 Qf6 30. Rf5 Qg7 31. Qf3 Re7 32. h6
Qg6 33. g3 Re5 34. Rf6 Qh5 35. Rxd6 Qxf3 36. Bxf3 Bd4 37. Kg2 Re6 38. Rxe6
fxe6 39. Be4 e5 40. g4 Rg8 41. f3 Be3 42. Rd1 Bxh6 43. Rd5 Be3 44. Rxe5 Rd8
45. Bd5 Bd4 46. Rf5 Re8 47. Be4 Rb8 48. Rh5+ Kg8 49. f4 Kf8 50. Rf5+ Kg7
51. Rg5+ Kh8 52. Rh5+ Kg8 53. Kf3 Kf8 54. Rf5+ Kg7 55. Rg5+ Kf8 56. Bd5 Re8
57. Rf5+ Kg7 58. Be4 Rb8 59. Rg5+ Kh8 60. Rh5+ Kg7 61. Rh7+ Kf8 62. Bd5 Re8
63. Rf7+ Kg8 64. g5 Re3+ 65. Kg4 Rc3 66. Rb7+ Kf8 67. Be4 c4 68. g6 b3 69.
cxb3 cxb3 1-0

[Event "IEWCC"]
[Site "Istanbul TUR"]
[Date "2003.06.05"]
[Round "4"]
[White "Calzetta,M"]
[Black "Ionescu Brandis,I"]
[Result "0-1"]
[WhiteElo "2253"]
[BlackElo "2366"]
[EventDate "2003.06.02"]

1. e4 e5 2. Nf3 Nf6 3. Nxe5 d6 4. Nc4 Nxe4 5. Nc3 Nxc3 6. bxc3 Be7 7. d4
Nd7 8. Bd3 Nf6 9. Ne3 O-O 10. O-O d5 11. Qf3 Re8 12. Rb1 Rb8 13. h3 Bf8 14.
c4 dxc4 15. Bxc4 Qxd4 16. Bb5 Re6 17. Rd1 Qe4 18. Rd8 Rd6 19. Rxf8+ Kxf8
20. Qxe4 Nxe4 21. Ba3 Be6 22. Bc6 Nc3 23. Rxb7 Rxb7 24. Bxb7 Nxa2 25. f4
Ke8 26. Bxd6 cxd6 27. f5 Bd7 28. Kf2 Nc3 29. Ke1 Nb5 30. Kd2 Nd4 31. Be4
Bc6 32. Bd3 Ke7 33. Kc3 Nb5+ 34. Kb4 Nc7 35. Bc4 Be4 36. g4 Kf6 37. Bb3
Na6+ 38. Kb5 Nc5 39. Ba2 g6 40. fxg6 fxg6 41. Bg8 h6 42. h4 Nd7 43. Ka6 Ne5
44. Bd5 Bxd5 45. Nxd5+ Ke6 46. Nf4+ Kf7 47. g5 h5 48. Kxa7 Nf3 49. Ng2 Ke6
50. Kb6 Ke5 51. c4 Nd4 52. c5 dxc5 53. Kxc5 Ne6+ 54. Kc4 Nf4 55. Ne1 Ke4
56. Kc5 Ne6+ 57. Kd6 Nd4 58. Ke7 Nf5+ 59. Kf6 Nxh4 60. Nc2 Nf3 61. Kxg6 h4
62. Kf6 Nxg5 0-1

[Event "IEWCC"]
[Site "Istanbul TUR"]
[Date "2003.06.05"]
[Round "4"]
[White "Stjazhkina,O"]
[Black "Galojan,L"]
[Result "1/2-1/2"]
[WhiteElo "2313"]
[BlackElo "2242"]
[EventDate "2003.06.02"]

1. f4 d5 2. b3 c5 3. Nf3 Nc6 4. Bb2 Nf6 5. e3 a6 6. g3 g6 7. Bg2 Bg7 8. O-O
O-O 9. Qe2 b5 10. d3 Qb6 11. Nbd2 Rd8 12. c4 Bb7 13. e4 bxc4 14. dxc4 dxe4
15. Nxe4 Nxe4 16. Bxg7 Nxg3 17. hxg3 Kxg7 18. Rae1 e6 19. Ng5 Rd6 20. Qg4
h5 21. Qh4 Rd2 22. Ne4 Rxa2 23. Qf6+ Kg8 24. Ng5 Nd8 25. Bd5 Qxb3 26. Ne4
exd5 27. Nc3 Nc6 28. Rb1 Rb2 29. Rxb2 Qxb2 30. Rb1 Qd2 31. Rxb7 Qd4+ 32.
Qxd4 cxd4 33. Nxd5 a5 34. Rb6 Nd8 35. c5 a4 36. Nc7 Rc8 37. Na6 a3 38. Rb3
Ne6 39. Rxa3 Nxc5 40. Nb4 Ne6 41. Kf2 Kg7 42. Ke2 Rc1 43. Ra5 h4 44. f5
gxf5 45. gxh4 f4 46. Nd3 Rh1 47. h5 Rh3 48. Rf5 f3+ 49. Kf2 f6 50. Nf4 Nxf4
51. Rxf4 d3 52. Rd4 Rh2+ 53. Kxf3 d2 54. Kg3 Re2 55. Kf3 Rh2 56. Kg3 Rxh5
57. Rxd2 Rf5 58. Rd4 Rf1 59. Kg2 Ra1 60. Rd3 Kg6 61. Kf2 f5 62. Rb3 Kg5 63.
Rc3 Kg4 64. Rb3 Ra2+ 65. Kf1 f4 66. Rc3 Rh2 67. Ra3 Rb2 68. Rc3 f3 69. Rc8
1/2-1/2

[Event "IEWCC"]
[Site "Istanbul TUR"]
[Date "2003.06.05"]
[Round "4"]
[White "Richards,H"]
[Black "Koskela,N"]
[Result "1-0"]
[WhiteElo "2237"]
[BlackElo "2312"]
[EventDate "2003.06.02"]

1. e4 e5 2. Nf3 Nc6 3. d4 exd4 4. Bc4 Nf6 5. e5 d5 6. Bb5 Ne4 7. Nxd4 Bd7
8. Bxc6 bxc6 9. O-O Be7 10. f3 Ng5 11. f4 Ne4 12. Be3 c5 13. Nb3 d4 14. Bc1
f5 15. c3 Ba4 16. Qf3 O-O 17. N1d2 Qd5 18. Qd3 Nxd2 19. Nxd2 Bc6 20. Rf2
Rad8 21. b3 dxc3 22. Qxc3 Qd4 23. Bb2 Qxc3 24. Bxc3 Rd3 25. Rc1 c4 26. Kf1
Bc5 27. Re2 Be3 28. g3 cxb3 29. axb3 Rfd8 30. Rc2 Bb5 31. Nc4 Rd1+ 32. Re1
Rxe1+ 33. Kxe1 Bc5 34. Ba5 Rd7 35. Nd2 Bb6 36. Bb4 Rd3 37. Rc3 Kf7 38. Nf3
h6 39. Nh4 Ke6 40. h3 g5 41. Nf3 gxf4 42. gxf4 Kd5 43. Rxd3+ Bxd3 44. Bf8
Ke4 45. Nh4 Kxf4 46. e6 Kg5 47. Be7+ Kh5 48. Ng2 Be3 49. Nxe3 Kg6 50. Nd5
Bc2 51. b4 f4 52. Bc5 Ba4 53. Bxa7 Kf5 54. Nxc7 1-0

[Event "IEWCC"]
[Site "Istanbul TUR"]
[Date "2003.06.05"]
[Round "4"]
[White "Houska,Jo"]
[Black "Mar,K"]
[Result "1-0"]
[WhiteElo "2386"]
[BlackElo "2236"]
[EventDate "2003.06.02"]

1. e4 e5 2. Nc3 Nf6 3. Nf3 Nc6 4. g3 Bc5 5. Bg2 d6 6. d3 Nd4 7. h3 Nxf3+ 8.
Qxf3 Be6 9. Be3 Qd7 10. Bxc5 dxc5 11. Qe3 Qd4 12. Qxd4 cxd4 13. Nb5 Rd8 14.
f4 a6 15. fxe5 axb5 16. exf6 gxf6 17. O-O Ke7 18. a3 Rhg8 19. Kh2 Rg6 20.
Rae1 Rdg8 21. Rf3 c6 22. c3 dxc3 23. bxc3 Ra8 24. Ra1 Ra4 25. d4 Rg8 26.
Re3 Rga8 27. d5 Bd7 28. e5 fxe5 29. Rxe5+ Kf6 30. Re3 Re8 31. Rf1+ Kg6 32.
Rxe8 Bxe8 33. Re1 Ra8 34. d6 Bd7 35. Re7 Rd8 36. g4 Be6 37. Rxb7 Rxd6 38.
Rc7 Bd7 39. Kg3 f5 40. Kf4 Kf6 41. gxf5 h6 42. Be4 Ke7 43. Ke5 Rf6 44.
Rxd7+ 1-0

[Event "IEWCC"]
[Site "Istanbul TUR"]
[Date "2003.06.05"]
[Round "4"]
[White "Pogonina,N"]
[Black "Makka,I"]
[Result "1/2-1/2"]
[WhiteElo "2347"]
[BlackElo "2234"]
[EventDate "2003.06.02"]

1. e4 c6 2. d4 d5 3. Nc3 dxe4 4. Nxe4 Nd7 5. Bd3 Ngf6 6. Ng5 e6 7. N1f3 Bd6
8. Qe2 h6 9. Ne4 Nxe4 10. Qxe4 Qc7 11. Bd2 b6 12. O-O-O Bb7 13. Kb1 O-O-O
14. Qe2 Kb8 15. Rhe1 Rhe8 16. Ne5 Bxe5 17. dxe5 Nc5 18. Bc4 Rd4 19. Bc3 Re4
20. Qf1 Rxe1 21. Qxe1 Ba6 22. Bxa6 Nxa6 23. b3 Kc8 24. Qe4 Nc5 25. Qh7 Rd8
26. Re1 g6 27. Qxh6 a5 28. Qe3 a4 29. h4 Rd5 30. Qe2 Qd8 31. Rh1 b5 32. g4
Qh8 33. f3 Qh7 34. b4 Nd7 35. Qe3 Kb7 36. Bd4 Qh8 37. f4 Qd8 38. h5 Nf8 39.
c3 a3 40. Qe4 Qe8 41. Qc2 Rd7 42. Bc5 Qd8 43. Bd6 Nh7 44. hxg6 fxg6 45.
Qxg6 Nf8 46. Qe4 Rxd6 47. exd6 Qxd6 48. Kc2 Qd7 49. g5 Qf7 50. Kb1 Qd7 51.
Qd4 Qf7 52. Qe4 Qd7 53. Kc2 Qf7 54. Rf1 e5 55. Kb1 Ne6 56. g6 Qd7 57. fxe5
Ng5 58. Qc2 Qg4 59. g7 Ne6 60. Re1 Qxg7 61. Qb3 Qg3 62. Rc1 Qxe5 63. Qxa3
Qe4+ 64. Ka1 Nf4 65. Qb3 Nd3 66. Rd1 Qe2 67. Qb1 Ne5 68. Re1 Qh2 69. Qe4
Nc4 70. Qe2 Qg3 71. Rc1 Qg5 72. Qc2 Na3 73. Qd1 Ka6 74. Qh1 Kb7 75. Rd1 Qf6
76. Qh3 Kb6 77. Qe3+ Ka6 78. Qc5 Nc4 79. Rc1 Qh6 80. Rb1 Kb7 81. a4 Qd2 82.
Qe7+ Ka8 83. Qf6 Qc2 84. Qxc6+ Ka7 85. Qc7+ Ka8 86. Qc6+ Ka7 87. Qc7+
1/2-1/2